| Tag |
First Indicator |
Second Indicator |
Subfields |
| LEADER |
00000cam a22000008a 4500 |
| 001 |
in00000031386 |
| 005 |
20151007060417.0 |
| 008 |
880226s1988 ilua 00110 eng |
| 020 |
|
|
|a 0673380882
|
| 035 |
|
|
|a (OCoLC)17731405
|
| 035 |
|
|
|9 AAC0785AM
|
| 040 |
|
|
|a DLC
|c DLC
|d TXA
|d UtOrBLW
|
| 043 |
|
|
|a n-us---
|
| 049 |
|
|
|a TXAM
|c [A11680593]
|
| 050 |
0 |
0 |
|a HF5415.126
|b .R47 1988
|
| 082 |
0 |
|
|a 658.8/4
|2 19
|
| 100 |
1 |
|
|a Retzler, Kathryn,
|d 1948-
|
| 245 |
1 |
0 |
|a Direct marketing :
|b the proven path to successful sales /
|c Kathryn Retzler.
|
| 263 |
|
|
|a 8805
|
| 264 |
|
1 |
|a Glenview, Ill. :
|b Scott, Foresman,
|c [1988]
|
| 264 |
|
4 |
|c ©1988
|
| 300 |
|
|
|a xviii, 273 pages :
|b illustrations
|
| 336 |
|
|
|a text
|b txt
|2 rdacontent
|
| 337 |
|
|
|a unmediated
|b n
|2 rdamedia
|
| 338 |
|
|
|a volume
|b nc
|2 rdacarrier
|
| 500 |
|
|
|a Includes index.
|
| 650 |
|
0 |
|a Direct marketing
|z United States.
|
| 999 |
|
|
|a MARS
|
| 999 |
f |
f |
|s 23118a9a-89d7-3a3a-ab9e-22ea3a4e5fc0
|i 04f0137b-57ea-33fa-84f4-7aa1941a3260
|t 0
|
| 952 |
f |
f |
|p normal
|a Texas A&M University
|b College Station
|c Sterling C. Evans Library
|d Evans: Library Stacks
|t 0
|e HF5415.126 .R47 1988
|h Library of Congress classification
|i unmediated -- volume
|m A14811680593
|
| 998 |
f |
f |
|a HF5415.126 .R47 1988
|t 0
|l Evans: Library Stacks
|